| 000 | 00375nam a2200145 a 4500 | ||
|---|---|---|---|
| 005 | 20140412111326.0 | ||
| 008 | 110120s19uu xx 00 eng d | ||
| 020 | _a0-590-62270-6 | ||
| 050 |
_aTR(PS E _bLe55 1971 |
||
| 100 | _aKraus, Robert | ||
| 245 |
_aLeo the late bloomer / _cRobert Kraus. |
||
| 260 |
_aU.S.A : _bScholastic, _c1971. |
||
| 300 | _aunp. | ||
| 999 |
_c104659 _d104659 |
||